MARC

LEADER 00000nam0a2200000 4500
001 251057
005 20231101232624.0
035 |a (RuTPU)RU\TPU\book\273308 
090 |a 251057 
100 |a 20140218d1968 m y0rusy50 ca 
101 0 |a rus 
102 |a RU 
105 |a a j 000zy 
200 1 |a Знания - молодежи. Химия  |e в помощь поступающим в высшие учебные заведения  |f Ю. Г. Власов [и др.]  |g Общество "Знание" РСФСР, Ленинградская организация 
210 |a Ленинград  |c Знание  |d 1968 
215 |a 157 с.  |c ил. 
606 1 |a Химия  |2 stltpush  |3 (RuTPU)RU\TPU\subj\17362  |9 43035 
610 1 |a атомно-молекулярная теория 
610 1 |a периодический закон 
610 1 |a растворы 
610 1 |a электролитическая диссоциация 
610 1 |a окислительно-восстановительные процессы 
610 1 |a периодическая система элементов 
610 1 |a металлы 
610 1 |a полимеризация 
610 1 |a периодический закон Менделеева 
610 1 |a примеры 
610 1 |a задачи 
675 |a 54(075.4)  |v 3 
701 1 |a Власов  |b Ю. Г.  |g Юрий Георгиевич 
701 1 |a Корольков  |b Д. В.  |g Дмитрий Васильевич 
701 1 |a Чарыков  |b А. К.  |g Александр Карпович 
701 1 |a Артемьев  |b В. И.  |g Владимир Иванович 
712 0 2 |a Общество "Знание" РСФСР  |b Ленинградская организация  |c (Москва)  |2 stltpush  |3 (RuTPU)RU\TPU\col\7484 
801 1 |a RU  |b 63413507  |c 20140218 
801 2 |a RU  |b 63413507  |c 20140220  |g RCR 
942 |c BK